|
|
|
|
| LEADER |
00753cam a2200253 7i4500 |
| 001 |
0000066339 |
| 005 |
20170613090000.0 |
| 005 |
##20170613123400.0 |
| 003 |
##MY-KlINT |
| 008 |
170613s1953 xxu e 000 0 eng d |
| 039 |
# |
9 |
|y 201706131234
|z Zuraidah
|
| 040 |
# |
# |
|a INTAN BK
|
| 082 |
0 |
0 |
|a CS 350
|
| 090 |
0 |
0 |
|a CS 350
|b JON
|
| 100 |
1 |
# |
|a Jones, S.W.
|e author
|
| 245 |
1 |
0 |
|a Public administration in Malaya /
|c S.W. Jones.
|
| 264 |
# |
0 |
|a London
|b Royal Institute of International Affairs
|c 1953
|
| 300 |
# |
# |
|a viii, 229 pages;
|c 21cm.
|
| 336 |
# |
# |
|a text
|2 rdacontent
|
| 337 |
# |
# |
|a unmediated
|2 rdamedia
|
| 338 |
# |
# |
|a volume
|2 rdacarrier
|
| 583 |
# |
# |
|a LULUS
|
| 651 |
# |
0 |
|a Malaya --
|x Public administration
|
| 999 |
|
|
|a 0000153395
|b BOOK
|c Main Non-Fiction
|e INTAN BK
|